Electronics Analog and Digital (Record no. 1343)

MARC details
000 -LEADER
fixed length control field 00318nam a2200133Ia 4500
008 - FIXED-LENGTH DATA ELEMENTS--GENERAL INFORMATION
fixed length control field 191201s2004 xx 000 0 und d
082 ## - DEWEY DECIMAL CLASSIFICATION NUMBER
Classification number 621.382
Item number NAE
100 ## - MAIN ENTRY--PERSONAL NAME
Personal name NAGRATH, I J
245 #0 - TITLE STATEMENT
Title Electronics Analog and Digital
260 ## - PUBLICATION, DISTRIBUTION, ETC. (IMPRINT)
Place of publication, distribution, etc N.Delhi
Name of publisher, distributor, etc PHI
Date of publication, distribution, etc 2004
300 ## - PHYSICAL DESCRIPTION
Extent 735
650 ## - SUBJECT ADDED ENTRY--TOPICAL TERM
Topical term or geographic name as entry element B.Tech(ECE)
942 ## - ADDED ENTRY ELEMENTS (KOHA)
Source of classification or shelving scheme Dewey Decimal Classification
Koha item type Text Books
Holdings
Withdrawn status Lost status Source of classification or shelving scheme Damaged status Not for loan Collection code Home library Current library Date acquired Source of acquisition Cost, normal purchase price Bill Number Total Checkouts Full call number Acc. no. / Barcode Date last seen Bill Date Koha item type Checked out Date last borrowed
    Dewey Decimal Classification     B.Tech(ECE) PIET C-LIBRARY PIET C-LIBRARY 15/08/2006 M/s UBS, Delhi 350.00 125382   621.3811 NAE 2086 04/12/2019 18/08/2008 Text Books    
    Dewey Decimal Classification     B.Tech(ECE) PIET C-LIBRARY PIET C-LIBRARY 15/08/2006 M/s UBS, Delhi 350.00 125382   621.381 NAE 2087 04/12/2019 18/08/2008 Text Books    
    Dewey Decimal Classification     B.Tech(ECE) PIET C-LIBRARY PIET C-LIBRARY 15/08/2006 M/s UBS, Delhi 350.00 125382 1 621.381 NAE 2088 03/11/2020 18/08/2008 Text Books 17/11/2020 03/11/2020
    Dewey Decimal Classification     B.Tech(ECE) PIET C-LIBRARY PIET C-LIBRARY 15/08/2006 M/s UBS, Delhi 350.00 125382   621.381 NAE 2089 04/12/2019 18/08/2008 Text Books    

Design & Developed by: PIET Central Library
R70 Miles Stone Pattikalyana Samalkha Panipat 132102
mail ID :- [email protected], Phone No:- 0180-2569700 Ex.216